| 000 | 03083nam0a2200469 4500 | ||
|---|---|---|---|
| 001 | RU\NLR\BIBL_A\022677828 | ||
| 005 | 20260212153028.0 | ||
| 010 |
_a978-5-00246-400-5 _9200 |
||
| 021 |
_aRU _bКН-П-25-063200 _9КН-П-25-6118 |
||
| 035 | _a(NLR Aleph) 022677828 | ||
| 090 |
_a13547565 _c13547565 |
||
| 100 | _a20251203d2025 k y0rusy50 ca | ||
| 101 | 0 |
_arus _aeng |
|
| 102 | _aRU | ||
| 105 | _aac z 010yy | ||
| 181 | 0 |
_ai _b xxe |
|
| 182 | 0 | _an | |
| 200 | 1 |
_aПроизводственный роман: драматургия жанра. Герой. Эстетика. Конфликт _eмонография _eк столетнему юбилею жанра производственного романа, 1925–2025 _fАнна Анатольевна Гаганова |
|
| 203 |
_aТекст _bвизуальный _cнепосредственный |
||
| 210 |
_aМосква _cУ Никитских ворот _d2025 |
||
| 215 |
_a183, [8], 141, [2] с. встреч. паг. _cил., цв. ил., портр. _d22 |
||
| 300 | _aЗагл. корешка: Производственный роман: драматургия жанра | ||
| 300 | _aЗагл. в верхнем колонтитуле: Человек труда. Герой. Эстетика. Конфликт | ||
| 300 | _aОсновной текст парал.: рус., англ. | ||
| 309 | _aКн. с двойным входом | ||
| 320 | _aБиблиогр.: с. 168–176 и в подстроч. примеч. | ||
| 327 | 1 | _aВ прил.: Художественный кризис производственного романа 1920–70 гг. : автореферат диссертации на соискание ученой степени кандидата филологических наук / Гаганова А. А. | |
| 464 | 0 | _12001#$aХудожественный кризис производственного романа 1920–70 гг.$eавтореферат диссертации на соискание ученой степени кандидата филологических наук$eспециальность: 10.01.01 – Русская литература$fГаганова Анна Анатольевна | |
| 515 | 1 | _aЧеловек труда. Герой. Эстетика. Конфликт | |
| 516 | 1 | _aПроизводственный роман: драматургия жанра | |
| 517 | 1 | _aГерой. Эстетика. Конфликт | |
| 606 | 1 |
_aРоман русский советский _xТематика _2nlr_sh1 _2nlr_sh2 _3RU\NLR\AUTH\66969106 |
|
| 606 | 1 |
_aТруд _xв литературе русской советской _2nlr_sh2 _3RU\NLR\AUTH\6601595589 |
|
| 686 | 2 | _aШ5(2=Р)7-342.1 | |
| 686 | 2 | _aШ5(2=Р)7-334 | |
| 700 | 1 |
_aГаганова _bА. А. _cписатель, журналист, филолог _gАнна Анатольевна _3RU\NLR\AUTH\770156382 |
|
| 942 | _cBOOK | ||
| 980 | _aNB | ||